V.I.Lenin : (Record no. 14039)
[ view plain ]
| 000 -LEADER | |
|---|---|
| fixed length control field | 00864cam a2200265 a 4500 |
| 001 - CONTROL NUMBER | |
| JCCL Control Number | 14039 |
| 003 - CONTROL NUMBER IDENTIFIER | |
| JCCL marc code | BD-JhCC |
| 005 - DATE AND TIME OF LATEST TRANSACTION | |
| control field | 20240525132349.0 |
| 008 - FIXED-LENGTH DATA ELEMENTS--GENERAL INFORMATION | |
| fixed length control field | 750731s1975 ruraf 000 0beng |
| 035 ## - SYSTEM CONTROL NUMBER | |
| system control number | (BD-JhCC)14039 |
| 035 ## - SYSTEM CONTROL NUMBER | |
| system control number | 151592 |
| 040 ## - CATALOGING SOURCE | |
| Original cataloging agency | LC |
| Transcribing agency | LC |
| Modifying agency | ABN-SNR |
| 041 ## - LANGUAGE CODE | |
| Language code of Book | eng |
| 050 00 - LIBRARY OF CONGRESS CALL NUMBER | |
| Classification number | DK254.L4 |
| Item number | Z4615 |
| 082 00 - DEWEY DECIMAL CLASSIFICATION NUMBER | |
| Classification number | 947.08410 |
| Author mark and Year | LEN 1975 |
| 245 10 - TITLE STATEMENT | |
| Title | V.I.Lenin : |
| Remainder of title | "Left Wing" Communism An Infantile Disorder / |
| Statement of responsibility, etc | [V. Zevin and G. Golikov]. |
| 260 ## - PUBLICATION, DISTRIBUTION, ETC. (IMPRINT) | |
| Place of publication, distribution, etc | Moscow : |
| Name of publisher, distributor, etc | Novosti Press, |
| Date of publication, distribution, etc | 1975. |
| 300 ## - PHYSICAL DESCRIPTION | |
| Pagination | 174 p., 32 leaves of plates : |
| Other physical details | ill. ; |
| Dimensions | 16 cm. |
| 500 ## - GENERAL NOTE | |
| General note | Translation of V. I. Lenin. |
| 600 10 - SUBJECT ADDED ENTRY--PERSONAL NAME | |
| Personal name | Lenin, Vladimir Ilich, |
| Dates associated with a name | 1870-1924. |
| 650 #0 - SUBJECT ADDED ENTRY--TOPICAL TERM | |
| Topical term or geographic name as entry element | Heads of state |
| Geographic subdivision | Soviet Union |
| General subdivision | Biography. |
| 650 #0 - SUBJECT ADDED ENTRY--TOPICAL TERM | |
| Topical term or geographic name as entry element | Revolutionaries |
| Geographic subdivision | Soviet Union |
| Form subdivision | Biography. |
| 700 1# - ADDED ENTRY--PERSONAL NAME | |
| Personal name | Golikov, G. |
| Fuller form of name | (Georgii), |
| Dates associated with a name | 1913-, |
| 942 ## - ADDED ENTRY ELEMENTS (KOHA) | |
| Source of classification or shelving scheme | Dewey Decimal Classification |
| Koha item type | Books |
| Source of classification or shelving scheme | Damaged status | Not for loan | Home library | Current library | Shelving location | Date of accession | Total Checkouts | Full call number | Barcode | Date last seen | Copy number | Method of acquisition | Koha item type | Currency |
|---|---|---|---|---|---|---|---|---|---|---|---|---|---|---|
| Dewey Decimal Classification | JCC Rouf Library | JCC Rouf Library | General Stacks | 947.08410 LEN 1975 | 12064 | 05/25/2024 | C-1 | Purchase | Books | BDT |